Database management / (Record no. 7088)
[ view plain ]
| 000 -LEADER | |
|---|---|
| fixed length control field | 00719nac a22002171u 4500 |
| 010 ## - LIBRARY OF CONGRESS CONTROL NUMBER | |
| LC control number | 91045654 |
| 020 ## - INTERNATIONAL STANDARD BOOK NUMBER | |
| International Standard Book Number | 0878357130 |
| 082 00 - DEWEY DECIMAL CLASSIFICATION NUMBER | |
| Classification number | 005.74 |
| Item number | AWA |
| 090 ## - LOCALLY ASSIGNED LC-TYPE CALL NUMBER (OCLC); LOCAL CALL NUMBER (OCLC) | |
| -- | 7088 |
| -- | 7088 |
| 100 ## - MAIN ENTRY--PERSONAL NAME | |
| Personal name | Awad, Elias M. |
| 245 10 - TITLE STATEMENT | |
| Title | Database management / |
| Statement of responsibility, etc | Elias M. Awad, Malcolm H. Gotterer. |
| 246 3# - VARYING FORM OF TITLE | |
| Title proper/short title | Data base management |
| 260 ## - PUBLICATION, DISTRIBUTION, ETC. (IMPRINT) | |
| Place of publication, distribution, etc | Danvers, Mass. : |
| Name of publisher, distributor, etc | Boyd & Fraser Pub. Co.,c1992. |
| Date of publication, distribution, etc | c1992. |
| 300 ## - PHYSICAL DESCRIPTION | |
| Extent | xxxii, 608 p. : |
| Other physical details | ill. (some col.), col. maps ; |
| Dimensions | 24 cm. |
| 500 ## - GENERAL NOTE | |
| General note | Includes index. |
| 500 ## - GENERAL NOTE | |
| General note | Distributer: Al-Ahram. |
| 511 ## - PARTICIPANT OR PERFORMER NOTE | |
| Participant or performer note | Catalogued By: Mahitab. |
| 650 #0 - SUBJECT ADDED ENTRY--TOPICAL TERM | |
| Topical term or geographic name as entry element | Database management. |
| 700 1# - ADDED ENTRY--PERSONAL NAME | |
| Personal name | Gotterer, Malcolm H., |
| Dates associated with a name | 1924- |
| 942 ## - ADDED ENTRY ELEMENTS (KOHA) | |
| Item type | Book - Borrowing |
| Call number prefix | 005.74AWA |
| Withdrawn status | Item status | Damaged status | Not for loan | Home library | Current library | Shelving location | Date acquired | Source of acquisition | Total Checkouts | Total Renewals | Full call number | Barcode | Date last seen | Date last borrowed | Koha item type |
|---|---|---|---|---|---|---|---|---|---|---|---|---|---|---|---|
| Central Library | Central Library | Lower Floor | 17/12/2007 | Purchase | 2 | 2 | 005.74AWA | 000008746 | 15/07/2025 | 13/06/2018 | Book - Borrowing |